| 000 | 00937cam a2200265 i 4500 | ||
|---|---|---|---|
| 999 |
_c64948 _d64948 |
||
| 001 | 64948 | ||
| 003 | Mx-PuUPA | ||
| 005 | 20210403213134.0 | ||
| 008 | 060628s1980 mx a r 000 0 spa|d | ||
| 040 |
_aMx-PuUPA _dMx-PuUPA _bspa _cMx-PuUPA _erda |
||
| 041 | 0 | _aspa | |
| 100 | 1 |
_aFranyutti, Rodrigo, _99989 _eautor |
|
| 245 | 1 | 3 |
_aEl verdadero y extraordinario rostro de la Virgen de Guadalupe / _cRodrigo Franyutti |
| 250 | _aPrimera edición | ||
| 264 | 1 |
_a[México] : _b[Editor no identificado], _c1980 |
|
| 300 |
_a22 páginas : _bilustraciones (algunas color) ; _c28 cm. |
||
| 336 |
_2rdacontent _atexto _btxt |
||
| 337 |
_2rdamedia _asin medio _bn |
||
| 338 |
_2rdacarrier _avolumen _bnc |
||
| 650 | 4 |
_aVirgen de Guadalupe _xApariciones y milagros |
|
| 942 |
_2ddc _cLI _h232.917 _iF797 |
||